Statistiken für Top 15 der betroffenen Covid-19-Länder - 13. Oktober 2021

Klicken Sie hier um das Quiz zu spielen!

Allgemein

  • Dieses Quiz wurde 32 mal gespielt
  • Das Durchschnittsergebnis liegt bei 16 aus 27

Antwortstatistiken

Land% Korrekt
Deutschland
100%
Spanien
100%
Vereinigte Staaten
100%
Italien
96%
Brasilien
93%
Indien
89%
Russland
89%
Frankreich
86%
Mexiko
82%
Vereinigtes Königreich
82%
Schweden
68%
Niederlande
64%
Argentinien
61%
Belgien
57%
Tschechien
57%
Türkei
57%
Iran
54%
Indonesien
43%
Kolumbien
43%
Serbien
43%
Slowenien
36%
Israel
18%
Uruguay
11%
Estland
7%
Georgien
7%
Litauen
7%
Bahrain
4%

Verteilung der Resultate

Perzentil nach korrekt beantworteten Fragen

Anzahl Personen mit jedem Resultat

Ihre Resultats-Entwicklung

Sie haben dieses Quiz noch nicht gespielt